[Event "Slask-ch Bak Memorial"]
[Site "Chorzow"]
[Date "2016.09.18"]
[Round "4"]
[White "Bobecki, Tadeusz"]
[Black "Zabron, Maksym"]
[Result "0-1"]
[WhiteElo "1785"]
[BlackElo "1526"]
[PlyCount "106"]
[EventDate "2016.09.17"]
[EventType "swiss"]
[EventRounds "9"]
[EventCountry "POL"]
[SourceTitle "EXT 2018"]
[Source "ChessBase"]
[SourceDate "2017.10.13"]
[SourceVersion "1"]
[SourceVersionDate "2017.10.13"]
[SourceQuality "1"]

1. e4 c6 2. d4 d5 3. Nc3 dxe4 4. Nxe4 Bf5 5. Ng3 Bg6 6. f4 Nf6 7. f5 Bxf5 8. Nxf5 Qa5+ 9. Qd2 Qxf5 10. Bd3 Qd5 11. Nf3 e6 12. c4 Qd8 13. 0-0 Bd6 14. Qe2 0-0 15. Ng5 h6 16. Ne4 Be7 17. Kh1 Qxd4 18. Be3 Qd8 19. Bxh6 gxh6 20. Nxf6+ Bxf6 21. Rad1 Nd7 22. Qe4 Re8 23. Qh7+ Kf8 24. Bg6 Qe7 25. Qxh6+ Bg7 26. Qe3 Nf6 27. Bc2 b6 28. Rf3 Red8 29. Rdf1 Rd6 30. Qe5 Rad8 31. h3 Rd2 32. Bb3 Qd6 33. Qg5 Qc5 34. Qh4 Qd4 35. Rf4 Qxb2 36. Rxf6 Bxf6 37. Rxf6 Qa1+ 38. Kh2 Qe5+ 39. Kg1 Qd4+ 40. Qxd4 R8xd4 41. Rf1 Re2 42. Rf2 Rxf2 43. Kxf2 Ke7 44. Ke3 c5 45. g3 f5 46. Kf3 Kf6 47. Ke3 e5 48. Kf3 Kg5 49. h4+ Kh5 50. Bc2 e4+ 51. Kf4 Rd2 52. Bb3 Rf2+ 53. Ke5 e3 0-1

[Event "Rowy Veterans 14th"]
[Site "Rowy"]
[Date "2008.09.03"]
[Round "6.13"]
[White "Niezgoda, Boleslaw"]
[Black "Bobecki, Tadeusz"]
[Result "0-1"]
[WhiteElo "1866"]
[BlackElo "1889"]
[PlyCount "70"]
[EventDate "2008.08.30"]
[EventType "swiss"]
[EventRounds "9"]
[EventCountry "POL"]
[SourceTitle "EXT 2023"]
[Source "ChessBase"]
[SourceDate "2022.10.05"]
[SourceVersion "1"]
[SourceVersionDate "2022.10.05"]
[SourceQuality "1"]

1. e4 d5 2. exd5 Nf6 3. c4 c6 4. Nc3 cxd5 5. cxd5 Nxd5 6. Be2 Be6 7. Nf3 Nc6 8. 0-0 g6 9. d4 Bg7 10. Bb5 Qb6 11. Nxd5 Bxd5 12. Bxc6+ Qxc6 13. Ne5 Bxe5 14. dxe5 Bxg2 15. Re1 Bh1 16. Qg4 Bf3 17. Qg3 h5 18. Bg5 Rd8 19. h4 0-0 20. Bxe7 Rd4 21. Kh2 Rg4 22. Rac1 Rxg3 23. Rxc6 Rg2+ 24. Kh3 Bxc6 25. Bxf8 Kxf8 26. Re2 Rg4 27. b3 Re4 28. Rxe4 Bxe4 29. Kg3 Ke7 30. f3 Bd5 31. Kf4 Ke6 32. Ke3 Kxe5 33. f4+ Kf5 34. Kd4 Be6 35. Ke3 Kg4 0-1

[Event "Rowy Veterans 14th"]
[Site "Rowy"]
[Date "2008.08.31"]
[Round "2.11"]
[White "Olejarczyk, Bogdan"]
[Black "Bobecki, Tadeusz"]
[Result "0-1"]
[WhiteElo "2211"]
[BlackElo "1889"]
[PlyCount "78"]
[EventDate "2008.08.30"]
[EventType "swiss"]
[EventRounds "9"]
[EventCountry "POL"]
[SourceTitle "EXT 2023"]
[Source "ChessBase"]
[SourceDate "2022.10.05"]
[SourceVersion "1"]
[SourceVersionDate "2022.10.05"]
[SourceQuality "1"]

1. d4 Nf6 2. c4 g6 3. Nc3 Bg7 4. e4 d6 5. Be2 0-0 6. Be3 Nc6 7. h3 e5 8. Nf3 exd4 9. Nxd4 Nxd4 10. Bxd4 Qe8 11. Qd3 Qe7 12. f3 Nh5 13. Nd5 Qh4+ 14. Bf2 Qd8 15. g4 Nf6 16. 0-0-0 Nxd5 17. cxd5 b6 18. Kb1 a5 19. Qc2 Ba6 20. h4 Bxe2 21. Qxe2 Rc8 22. h5 c5 23. dxc6 Rxc6 24. Be3 Qc7 25. hxg6 fxg6 26. Qd3 Rc8 27. Rc1 Qf7 28. Rxc6 Rxc6 29. f4 Qc7 30. g5 Qf7 31. f5 gxf5 32. exf5 Be5 33. g6 hxg6 34. fxg6 Qf3 35. Rg1 d5 36. Qa6 Qe4+ 37. Ka1 Qxe3 38. Qa8+ Kg7 39. Rb1 Bxb2+ 0-1

[Event "Zlota Wieze 50"]
[Site "Pultusk"]
[Date "2008.07.05"]
[Round "9.8"]
[White "Waluszek, Stanislaw"]
[Black "Bobecki, Tadeusz"]
[Result "1-0"]
[WhiteElo "2013"]
[BlackElo "1896"]
[PlyCount "73"]
[EventDate "2008.06.30"]
[EventType "team"]
[EventRounds "9"]
[EventCountry "POL"]
[SourceTitle "EXT 2020"]
[Source "ChessBase"]
[SourceDate "2019.10.17"]
[SourceVersion "1"]
[SourceVersionDate "2019.10.17"]
[SourceQuality "1"]

1. d4 d5 2. c4 e5 3. dxe5 d4 4. a3 a5 5. e3 Nc6 6. exd4 Nxd4 7. Ne2 c5 8. Be3 Bg4 9. Bxd4 Bxe2 10. Qa4+ Qd7 11. Qxd7+ Kxd7 12. Bxc5 Bxf1 13. Bxf8 Rxf8 14. Kxf1 Rd8 15. Nc3 Ke6 16. Ke2 Kxe5 17. Rhe1 Nf6 18. Rad1 Rxd1 19. Rxd1 Rc8 20. b3 g6 21. f3 h5 22. Nd5 Rc6 23. Nxf6 Kxf6 24. Rd5 b6 25. Kd3 Ke7 26. b4 axb4 27. axb4 f6 28. Kc3 Rc7 29. Kb3 Ke6 30. Rb5 Rc6 31. c5 bxc5 32. Rxc5 Ra6 33. Rc2 Kd5 34. b5 Ra5 35. Kb4 Ra1 36. Rd2+ Ke5 37. b6 1-0

[Event "Zlota Wieze 50"]
[Site "Pultusk"]
[Date "2008.06.30"]
[Round "1.18"]
[White "Bobecki, Tadeusz"]
[Black "Barwinski, Dionizy"]
[Result "0-1"]
[WhiteElo "1896"]
[BlackElo "2183"]
[PlyCount "112"]
[EventDate "2008.06.30"]
[EventType "team"]
[EventRounds "9"]
[EventCountry "POL"]
[SourceTitle "EXT 2020"]
[Source "ChessBase"]
[SourceDate "2019.10.17"]
[SourceVersion "1"]
[SourceVersionDate "2019.10.17"]
[SourceQuality "1"]

1. e4 c5 2. Nf3 Nc6 3. d4 cxd4 4. Nxd4 Nf6 5. Nc3 e5 6. Nf5 d5 7. exd5 Bxf5 8. dxc6 Qxd1+ 9. Nxd1 bxc6 10. Ne3 Be6 11. Bc4 Nd5 12. Bb3 Bc5 13. Ke2 Ke7 14. Nc4 f6 15. Na5 Rac8 16. Ba4 Nb6 17. Bb3 Bb4 18. Bxe6 Kxe6 19. Nb3 Nc4 20. c3 Be7 21. Nd2 Nb6 22. b3 Rhd8 23. Bb2 Rb8 24. Rad1 a5 25. Ne4 Rd5 26. Ba1 f5 27. Ng3 a4 28. c4 Rd7 29. Rxd7 Nxd7 30. Rd1 axb3 31. axb3 Nc5 32. Nf1 Nxb3 33. Bc3 Bc5 34. f4 Bd4 35. Bd2 e4 36. Ne3 Bf6 37. g4 g6 38. g5 Be7 39. Bc3 Ra8 40. Rb1 Ra2+ 41. Rb2 Nc1+ 42. Kd1 Rxb2 43. Bxb2 Nd3 44. Bc1 Nxf4 45. h4 Nd3 46. Bd2 Bd6 47. Nc2 Nb2+ 48. Ke2 Nxc4 49. Nd4+ Kd5 50. Nc2 f4 51. Bc3 f3+ 52. Kf1 c5 53. Kf2 Be5 54. Be1 Bd4+ 55. Kg3 Ne3 56. Na3 Nf5+ 0-1

[Event "Chorzow op"]
[Site "Chorzow"]
[Date "2008.04.01"]
[Round "6"]
[White "Wieczorek, Aleksandra"]
[Black "Bobecki, Tadeusz"]
[Result "0-1"]
[WhiteElo "1627"]
[BlackElo "1896"]
[PlyCount "78"]
[EventDate "2008.03.29"]
[EventType "swiss"]
[EventRounds "9"]
[EventCountry "POL"]
[SourceTitle "EXT 2010"]
[Source "ChessBase"]
[SourceDate "2010.11.25"]
[SourceVersion "1"]
[SourceVersionDate "2010.11.25"]
[SourceQuality "1"]

1. Nf3 Nc6 2. g3 e5 3. d3 Nf6 4. Bg2 Bc5 5. 0-0 d6 6. e4 h6 7. c3 a6 8. Re1 Bg4 9. Nbd2 Qc8 10. Nb3 Ba7 11. d4 exd4 12. cxd4 0-0 13. Qd3 Re8 14. Nfd2 d5 15. f3 dxe4 16. fxe4 Rd8 17. Nf3 Bxf3 18. Qxf3 Nxd4 19. Nxd4 Bxd4+ 20. Kh1 Ng4 21. Rf1 Ne5 22. Qb3 c5 23. Qc2 c4 24. Rb1 b5 25. Bf4 Nd3 26. Rf3 Qc5 27. Rxd3 cxd3 28. Qxd3 Bxb2 29. Qe2 Be5 30. Be3 Qd6 31. Rf1 Rac8 32. Qf2 Qf6 33. Qe2 Qe6 34. Rf5 Bd4 35. Bxd4 Rxd4 36. Rf1 Rcd8 37. a3 Rd2 38. Qf3 R2d3 39. Qh5 Rxa3 0-1

[Event "Chorzow op"]
[Site "Chorzow"]
[Date "2007.03.30"]
[Round "9"]
[White "Bobecki, Tadeusz"]
[Black "Blasiak, Miroslaw"]
[Result "0-1"]
[WhiteElo "1939"]
[BlackElo "2017"]
[PlyCount "90"]
[EventDate "2007.03.24"]
[EventType "swiss"]
[EventRounds "9"]
[EventCountry "POL"]
[SourceTitle "EXT 2011"]
[Source "ChessBase"]
[SourceDate "2010.11.26"]
[SourceVersion "1"]
[SourceVersionDate "2010.11.26"]
[SourceQuality "1"]

1. e4 e5 2. Nf3 Nc6 3. Nc3 Nf6 4. Bc4 Nxe4 5. Bxf7+ Kxf7 6. Nxe4 d5 7. Neg5+ Kg8 8. d3 h6 9. Nh3 Qf6 10. c3 Bxh3 11. gxh3 Bc5 12. b4 Rf8 13. bxc5 Qxf3 14. Qxf3 Rxf3 15. Be3 d4 16. Ke2 Rf5 17. Bd2 Kh7 18. Rhg1 Rhf8 19. Rg2 dxc3 20. Bxc3 Nd4+ 21. Bxd4 exd4 22. Rag1 R8f7 23. Rb1 Rxc5 24. Rxb7 Rc2+ 25. Ke1 Rxa2 26. Rb4 Re7+ 27. Kd1 Rd7 28. Rg4 c5 29. Rb5 Rc7 30. Rf4 a6 31. Rb6 a5 32. Rb5 a4 33. Ra5 a3 34. Ke1 Ra1+ 35. Ke2 a2 36. Rf8 c4 37. dxc4 Rxc4 38. Kd2 Rb4 39. Rfa8 Rb2+ 40. Kd3 Rxf2 41. Kxd4 Rxh2 42. Ke4 Rxh3 43. Rxa2 Rxa2 44. Rxa2 Rb3 45. Ra4 Rb5 0-1

[Event "Chorzow op"]
[Site "Chorzow"]
[Date "2007.03.24"]
[Round "1"]
[White "Aliavdin, Nikolai"]
[Black "Bobecki, Tadeusz"]
[Result "1-0"]
[WhiteElo "2373"]
[BlackElo "1939"]
[PlyCount "53"]
[EventDate "2007.03.24"]
[EventType "swiss"]
[EventRounds "9"]
[EventCountry "POL"]
[SourceTitle "EXT 2011"]
[Source "ChessBase"]
[SourceDate "2010.11.26"]
[SourceVersion "1"]
[SourceVersionDate "2010.11.26"]
[SourceQuality "1"]

1. Nf3 Nc6 2. c4 Nf6 3. d4 e6 4. Nc3 d5 5. Bg5 Be7 6. e3 dxc4 7. Bxc4 Na5 8. Qa4+ c6 9. Bd3 Bd7 10. Bxf6 Bxf6 11. b4 c5 12. Qxa5 b6 13. Qa3 cxb4 14. Qxb4 Be7 15. Qb1 Rc8 16. Ne4 b5 17. 0-0 a6 18. Ne5 0-0 19. Rc1 Ba3 20. Rxc8 Bxc8 21. Qb3 b4 22. Nc4 Qe7 23. Nxa3 bxa3 24. Rc1 Bb7 25. Nc5 Ba8 26. Qxa3 Qg5 27. Ne4 1-0

[Event "Chorzow op"]
[Site "Chorzow"]
[Date "2007.03.24"]
[Round "2"]
[White "Bobecki, Tadeusz"]
[Black "Hendel, Kazimierz"]
[Result "1/2-1/2"]
[WhiteElo "1939"]
[BlackElo "1673"]
[PlyCount "124"]
[EventDate "2007.03.24"]
[EventType "swiss"]
[EventRounds "9"]
[EventCountry "POL"]
[SourceTitle "EXT 2011"]
[Source "ChessBase"]
[SourceDate "2010.11.26"]
[SourceVersion "1"]
[SourceVersionDate "2010.11.26"]
[SourceQuality "1"]

1. e4 d5 2. exd5 Qxd5 3. Nc3 Qa5 4. Nf3 Nf6 5. d4 c6 6. Bd2 Qd8 7. Bc4 e6 8. 0-0 Be7 9. Bg5 Nbd7 10. Qe2 0-0 11. Rad1 Nd5 12. Bxe7 Nxe7 13. Rfe1 Nf6 14. Ne4 Ned5 15. g3 Nxe4 16. Qxe4 f5 17. Qe2 f4 18. Qe4 fxg3 19. hxg3 Qf6 20. Kg2 Qf5 21. Qxf5 exf5 22. Bxd5+ cxd5 23. Re7 f4 24. Rde1 Bg4 25. Ne5 f3+ 26. Kh2 Bf5 27. c3 b6 28. g4 Be4 29. Kg3 Rfe8 30. Rxe8+ Rxe8 31. Nxf3 Kf7 32. Ng5+ Kg6 33. Nxe4 dxe4 34. Re3 Kg5 35. f3 h5 36. gxh5 Kxh5 37. Rxe4 Rf8 38. Re7 g5 39. Rxa7 Re8 40. Rb7 Re1 41. Rxb6 Rg1+ 42. Kh3 Rh1+ 43. Kg2 Rc1 44. a4 g4 45. fxg4+ Kxg4 46. Kf2 Kf4 47. Ke2 Ke4 48. Kd2 Ra1 49. Re6+ Kd5 50. a5 Kxe6 51. b4 Kd5 52. Kc2 Kc4 53. Kb2 Ra4 54. d5 Kxd5 55. Kb3 Ra1 56. c4+ Kd4 57. Kb2 Rf1 58. Kb3 Rf3+ 59. Ka4 Kxc4 60. a6 Rf1 61. Ka5 Ra1+ 62. Kb6 Kxb4 1/2-1/2

[Event "Chorzow op"]
[Site "Chorzow"]
[Date "2007.03.24"]
[Round "3"]
[White "Pietrucha, Jaroslaw"]
[Black "Bobecki, Tadeusz"]
[Result "1/2-1/2"]
[WhiteElo "1793"]
[BlackElo "1939"]
[PlyCount "21"]
[EventDate "2007.03.24"]
[EventType "swiss"]
[EventRounds "9"]
[EventCountry "POL"]
[SourceTitle "EXT 2011"]
[Source "ChessBase"]
[SourceDate "2010.11.26"]
[SourceVersion "1"]
[SourceVersionDate "2010.11.26"]
[SourceQuality "1"]

1. e4 e5 2. Nf3 Nc6 3. d4 exd4 4. Nxd4 Nxd4 5. Qxd4 Qf6 6. c3 b6 7. Bd3 Qxd4 8. cxd4 Bb7 9. f3 Bb4+ 10. Bd2 Bxd2+ 11. Nxd2 1/2-1/2